| 000 | 00755nam a2200217 a 4500 | ||
|---|---|---|---|
| 001 | 1684 | ||
| 003 | CDMR | ||
| 005 | 20131118120243.0 | ||
| 008 | 130130s1975||||||||||||||||||||||||||||d | ||
| 020 | _a8424403703 | ||
| 040 |
_aCDMR _bcat _cCDMR |
||
| 100 | 1 |
_aVázquez Montalbán, Manuel _9766 |
|
| 245 | 1 | 0 |
_aInforme sobre la información _cManuel Vázquez Montalbán ; prólogos de Pedro Antares y Antonio Jutglar |
| 250 | _a3a ed. ampliada y puesta al día | ||
| 260 |
_aBarcelona _c1975 _bFontanella |
||
| 490 | 0 |
_aEdiciones de bolsillo _v124 |
|
| 650 | 0 | 4 |
_92807 _aMitjans de comunicació de massa _xAspectes polítics |
| 650 | 0 | 4 |
_93542 _aMitjans de comunicació de massa _xInfluència |
| 650 | 0 | 4 |
_94289 _aComunicació _xAspectes socials |
| 942 |
_cMON _2udc |
||
| 999 |
_c1684 _d1684 |
||